000 00713nam a22001937a 4500
999 _c185177
_d185177
005 20220131105314.0
010 _aUR-11417
020 _c200.00
_a9788194848141
035 _aU-9972
037 _bDBAD/PUB
_adpl
082 _a841.8
100 _aعبد ا لما لک
245 _aا لحا ج عبد ا لطيف شفا چھير و ی ا حو ا ل و آ ثا ر
_cعبد ا لما لک
246 _bAl-Haj Abdul Latif Shefa Chpravi (Urdu)
_aby Al-Haj Abdul Malik
260 _aDelhi
_bEducational Publishing House
_c2020 ء
270 _a3191,Vakil Street,Kucha Pandit,Lal Kuan,
_bDelhi
_e110006
_k23216162
_l-
300 _a284 ص
_c22 Cm(Hb)
942 _2ddc
_cUR
_h841.8
_mع ب د